Olympischer Medaillenspiegel - Amsterdam 1928 - Statistiken

Allgemein
  • Dieses Quiz wurde 11 mal gespielt
  • Das Durchschnittsergebnis liegt bei 8 aus 10
Antwortstatistiken
Gold Silber Bronze Gesamt Land % Korrekt
22 18 16 56 Vereinigte Staaten
100%
10 7 14 31 Deutschland
91%
6 10 5 21 Frankreich
82%
7 5 7 19 Italien
82%
4 4 7 15 Kanada
82%
7 4 4 15 Schweiz
82%
8 8 9 25 Finnland
73%
3 10 7 20 Großbritannien
73%
6 9 4 19 Niederlande
73%
7 6 12 25 Schweden
64%
Keine übereinstimmenden Quizze gefunden
Verteilung der Resultate
Anzahl Personen mit jedem Resultat
Perzentil nach korrekt beantworteten Fragen
Ihre Resultats-Entwicklung
Sie haben dieses Quiz noch nicht gespielt